| 000 | 00532nam a22001577a 4500 | ||
|---|---|---|---|
| 003 | NUST | ||
| 038 | _aNusrat Nadeem | ||
| 082 | _a200 | ||
| 100 |
_aMehmood, Mohammad Muddassir _9130565 |
||
| 245 |
_aLayout detection of textual documents using Deep Learning/ _cMohammad Muddassir Mehmood, |
||
| 264 |
_aIslamabad: _bSEECS NUST. _c2025 |
||
| 650 |
_aMS-Artificial Intelligence _9124951 |
||
| 700 |
_aSupervisor: Dr. Muhammad Imran Malik _996855 |
||
| 856 | _uhttp://10.250.8.41:8080/xmlui/handle/123456789/54634 | ||
| 942 |
_2ddc _cSC |
||
| 999 |
_c614761 _d614761 |
||